[Event "Centrocoop June op-A"]
[Site "Eforie Nord "]
[Date "1998.??.??"]
[Round "?"]
[White "Mirochnikov, Evgheni"]
[Black "Botezatu, Gheorghe"]
[Result "1-0"]
[WhiteElo "2000"]
[BlackElo "2160"]
[PlyCount "77"]
[EventDate "1998.06.??"]
[EventType "swiss"]
[EventRounds "11"]
[EventCountry "ROU"]
[SourceTitle "EXT 2000"]
[Source "ChessBase"]
[SourceDate "1999.11.16"]
[SourceVersion "1"]
[SourceVersionDate "1999.11.16"]
[SourceQuality "1"]

1. e4 Nc6 2. d4 d5 3. e5 Bf5 4. Be3 e6 5. Bd3 Bxd3 6. Qxd3 Qd7 7. c3 f6 8. f4 Nh6 9. Nd2 Nf5 10. Ngf3 h5 11. g3 0-0-0 12. 0-0-0 Kb8 13. a3 Na5 14. Bf2 Rc8 15. b4 Nc6 16. Nb3 b6 17. Kc2 Nd8 18. Qa6 Nb7 19. Rb1 Ka8 20. a4 c5 21. dxc5 bxc5 22. b5 Nd8 23. Na5 Ne7 24. b6 Rb8 25. Qxa7+ Qxa7 26. bxa7 Rc8 27. Rb5 Ng6 28. Rhb1 Kxa7 29. Nb3 Nc6 30. Nxc5 Bxc5 31. Bxc5+ Ka8 32. Nd4 Nge7 33. Rb6 Rc7 34. Ra6+ Na7 35. Nxe6 Rd7 36. Bxa7 Rb7 37. Bc5+ Kb8 38. Rxb7+ Kxb7 39. Ra7+ 1-0

[Event "Centrocoop June op-A"]
[Site "Eforie Nord "]
[Date "1998.??.??"]
[Round "?"]
[White "Mirochnikov, Evgheni"]
[Black "Minescu, O."]
[Result "1-0"]
[WhiteElo "2000"]
[BlackElo "2180"]
[PlyCount "107"]
[EventDate "1998.06.??"]
[EventType "swiss"]
[EventRounds "11"]
[EventCountry "ROU"]
[SourceTitle "EXT 2000"]
[Source "ChessBase"]
[SourceDate "1999.11.16"]
[SourceVersion "1"]
[SourceVersionDate "1999.11.16"]
[SourceQuality "1"]

1. e4 c5 2. Nf3 d6 3. d4 cxd4 4. Nxd4 Nf6 5. Nc3 g6 6. Be3 Bg7 7. f3 0-0 8. Bc4 Nc6 9. Qd2 Bd7 10. 0-0-0 Ne5 11. Bb3 Rc8 12. Bg5 Rc5 13. Rhe1 b5 14. f4 Nc4 15. Bxc4 Rxc4 16. e5 b4 17. Qd3 Rxd4 18. Qxd4 bxc3 19. exf6 cxb2+ 20. Kb1 exf6 21. Qxd6 fxg5 22. Qxd7 Qa5 23. Qd5 Qxd5 24. Rxd5 gxf4 25. Re4 f5 26. Rxf4 Re8 27. Rf1 Re2 28. g4 h5 29. gxh5 gxh5 30. Rdxf5 Rxh2 31. Rg1 Kh8 32. Rd5 Bf6 33. Rd6 Rf2 34. Ra6 Kh7 35. Rxa7+ Kh6 36. Rd7 h4 37. Rd3 Rf5 38. Rh3 Kh5 39. Rd3 Rg5 40. Rxg5+ Kxg5 41. c3 Kg4 42. Kxb2 h3 43. a4 h2 44. Rd1 Kf3 45. Kb3 Bd8 46. Kc4 Bb6 47. Rh1 Kg2 48. Rxh2+ Kxh2 49. Kb5 Be3 50. c4 Kg3 51. c5 Kf3 52. a5 Ke4 53. a6 Kd5 54. a7 1-0

[Event "Centrocoop June op-A"]
[Site "Eforie Nord "]
[Date "1998.??.??"]
[Round "?"]
[White "Moshina, Cristina"]
[Black "Mirochnikov, Evgheni"]
[Result "1-0"]
[WhiteElo "2135"]
[BlackElo "2000"]
[PlyCount "33"]
[EventDate "1998.06.??"]
[EventType "swiss"]
[EventRounds "11"]
[EventCountry "ROU"]
[SourceTitle "EXT 2000"]
[Source "ChessBase"]
[SourceDate "1999.11.16"]
[SourceVersion "1"]
[SourceVersionDate "1999.11.16"]
[SourceQuality "1"]

1. e4 d5 2. exd5 Nf6 3. d4 Nxd5 4. Nf3 g6 5. Be2 Bg7 6. 0-0 0-0 7. c4 Nb6 8. Nc3 Bg4 9. Be3 c6 10. Qb3 Bxf3 11. Bxf3 Qd7 12. Rad1 Rd8 13. d5 Qc7 14. c5 Nc8 15. dxc6 Nxc6 16. Rxd8+ Qxd8 17. Qxb7 1-0